Ḍabṭ al-ʻaʻlām /
Main Author:
Format: Book
Language: Arabic
Published:
al-Qāhirah :
Lajnat Nashr al-Muʼallafāt al-Taymūrīyah,
1947.
Edition: al-Tạbʻah 1.
Subjects:
Tags: Add Tag
Call Number: CS2790 .T39 1947
| LEADER | 01274nam a2200289Ia 4500 | ||
|---|---|---|---|
| 003 | OSt | ||
| 005 | 20230213075559.0 | ||
| 008 | 130303s1947 ua c g b 000 0 ara d | ||
| 952 | |0 0 |1 0 |2 lcc |4 0 |6 CS2790 T39 01947 |7 1 |9 45560 |a ARCE |b ARCE |d 2023-02-13 |l 0 |o CS2790 .T39 1947 |p 1032400 |r 2023-02-13 00:00:00 |w 2023-02-13 |y BK | ||
| 999 | |c 26446 |d 26446 | ||
| 010 | |a ne 67001583 | ||
| 040 | |c ARCE Library | ||
| 043 | |a ma----- | ||
| 050 | 4 | |a CS2790 .T39 1947 | |
| 100 | 1 | |6 880-01 |a Taymūr, Aḥmad, |d 1871-1930, |e author | |
| 245 | 1 | 0 | |6 880-02 |a Ḍabṭ al-ʻaʻlām / |c bi-qalam Ahṃad Taymūr ; rājaʻahu wa-waqafa ʻalá tạbʻihi Ahṃad Lutf̣ī al-Sayyid. |
| 250 | |a al-Tạbʻah 1. | ||
| 264 | 1 | |a al-Qāhirah : |b Lajnat Nashr al-Muʼallafāt al-Taymūrīyah, |c 1947. | |
| 300 | |a 11, 180 pages ; |b portraits ; |c 24 cm. | ||
| 504 | |a Includes bibliographical references. | ||
| 650 | 0 | |a Names, Arabic |x Dictionaries. | |
| 650 | 0 | |a Names, Personal |x Arabic. | |
| 651 | 0 | |a Islamic countries |x Biography. | |
| 880 | 1 | |6 100-01/(3/r |a تيمور، أحمد, |d 1871-1930. | |
| 880 | 1 | 0 | |6 245-02/(3/r |a ضبط الأعلام |c بقلم أحمد تيمور. |
| 901 | |a reviewed | ||
| 942 | |c BK |2 lcc | ||
